Joueurs All-Star en NBA - Statistiques

Statistiques générales
  • Ce quiz a été pris 5 059 fois
    4 892 depuis la dernière actualisation
  • Le résultat moyen est 96 sur 446
Statistiques - réponses
Nombre de sélections Joueur 1ère Sélection Dernière Sélection % Correct
18 LeBron James 2005 2022
98%
14 Michael Jordan 1985 2003
94%
1 DeAndre Jordan 2017 2017
92%
18 Kobe Bryant 1998 2016
90%
8 Stephen Curry 2014 2022
87%
12 Kevin Durant 2010 2022
80%
15 Shaquille O'Neal 1993 2009
80%
19 Kareem Abdul-Jabbar 1970 1989
79%
6 Tony Parker 2006 2014
77%
14 Jerry West 1961 1973
75%
15 Tim Duncan 1998 2015
75%
2 David West 2008 2009
74%
6 Jermaine O'neal 2002 2007
74%
10 James Harden 2013 2022
73%
12 Larry Bird 1980 1992
73%
12 Magic Johnson 1980 1992
72%
9 Russell Westbrook 2011 2020
69%
13 Wilt Chamberlain 1960 1973
68%
13 Dwyane Wade 2005 2019
66%
5 Klay Thompson 2015 2019
66%
3 Luka Doncic 2020 2022
66%
4 Nikola Jokic 2019 2022
66%
7 Scottie Pippen 1990 1997
66%
5 Dennis Johnson 1979 1985
65%
2 Eddie Johnson 1980 1981
65%
5 Gus Johnson 1965 1971
65%
7 Joe Johnson 2007 2014
65%
2 John Johnson 1971 1972
65%
3 Kevin Johnson 1990 1994
65%
2 Larry Johnson 1993 1995
65%
5 Marques Johnson 1979 1986
65%
12 Chris Paul 2008 2022
64%
4 David Thompson 1977 1983
64%
7 Kyrie Irving 2013 2021
63%
12 Bill Russell 1958 1969
62%
11 Allen Iverson 2000 2010
61%
14 Dirk Nowitzki 2002 2019
61%
5 Kawhi Leonard 2016 2021
61%
1 D'Angelo Russell 2019 2019
60%
1 Campy Russell 1979 1979
59%
1 Cazzie Russell 1972 1972
59%
6 Giannis Antetokounmpo 2017 2022
59%
14 Karl Malone 1988 2002
59%
1 A.C. Green 1990 1990
58%
4 Draymond Green 2016 2022
58%
2 Jeff Malone 1986 1987
58%
4 Johnny Green 1962 1971
58%
12 Moses Malone 1975 1989
58%
1 Rickey Green 1984 1984
58%
3 Rudy Gobert 2020 2022
58%
15 Kevin Garnett 1997 2013
57%
5 Joel Embiid 2018 2022
56%
8 Anthony Davis 2014 2021
55%
2 Dennis Rodman 1990 1992
55%
3 Jayson Tatum 2020 2022
55%
8 Steve Nash 2002 2012
55%
1 Antonio Davis 2001 2001
54%
2 Baron Davis 2002 2004
54%
1 Dale Davis 2000 2000
54%
6 Walter Davis 1978 1987
54%
2 Emanuel Ginobili 2005 2011
53%
12 Hakeem Olajuwon 1985 1997
53%
7 Paul George 2013 2021
53%
6 Damian Lillard 2014 2021
52%
10 David Robinson 1990 2001
52%
3 Derrick Rose 2010 2012
52%
10 Carmelo Anthony 2007 2017
51%
1 Clifford Robinson 1994 1994
51%
1 Flynn Robinson 1970 1970
51%
2 Glenn Robinson 2000 2001
51%
2 Jack George 1956 1957
51%
2 Leonard Robinson 1978 1981
51%
10 Ray Allen 2000 2011
51%
2 Trae Young 2020 2022
51%
2 Isaiah Thomas 2016 2017
50%
12 Isiah Thomas 1982 1993
50%
1 Jarrett Allen 2022 2022
50%
11 Chris Bosh 2006 2016
49%
1 Ja Morant 2022 2022
48%
3 Marc Gasol 2012 2017
48%
6 Pau Gasol 2006 2016
48%
8 Vince Carter 2000 2007
48%
1 Jaylen Brown 2021 2021
47%
3 Devin Booker 2020 2022
46%
1 Fred Brown 1976 1976
46%
10 John Stockton 1989 2000
46%
10 Paul Pierce 2002 2012
46%
1 Ricky Pierce 1991 1991
46%
3 Buck Williams 1982 1986
45%
3 Deron Williams 2010 2012
45%
2 Gus Williams 1982 1983
45%
1 Jayson Williams 1998 1998
45%
1 Mo Williams 2009 2009
45%
11 Charles Barkley 1987 1997
44%
5 DeMar DeRozan 2014 2022
43%
6 Jimmy Butler 2015 2022
43%
2 Caron Butler 2007 2008
42%
5 John Wall 2014 2018
42%
11 Patrick Ewing 1986 1997
42%
8 Dwight Howard 2007 2014
41%
10 Jason Kidd 1996 2010
41%
1 Josh Howard 2007 2007
41%
1 Juwan Howard 1996 1996
41%
1 LaMelo Ball 2022 2022
41%
11 Bob Pettit 1955 1965
40%
11 Julius Erving 1977 1987
40%
12 Oscar Robertson 1961 1972
40%
4 Alvin Robertson 1986 1991
39%
6 Blake Griffin 2011 2019
39%
3 Donovan Mitchell 2020 2022
39%
1 Mike Mitchell 1981 1981
39%
7 Tracy McGrady 2001 2007
39%
13 Bob Cousy 1951 1963
38%
3 Karl-Anthony Towns 2018 2022
37%
8 Yao Ming 2003 2011
37%
3 Bradley Beal 2018 2021
36%
2 Zach Lavine 2021 2022
36%
5 Kevin Love 2011 2018
35%
6 Kyle Lowry 2015 2020
35%
3 Bob Love 1971 1973
34%
1 Zion Williamson 2021 2021
34%
2 Brad Miller 2003 2004
33%
9 Gary Payton 1994 2003
33%
2 Joakim Noah 2013 2014
33%
5 Reggie miller 1990 2000
33%
2 Damantas Sabonis 2020 2021
32%
1 Dejounte Murray 2022 2022
32%
4 Penny Hardaway 1995 1998
32%
5 Tim Hardaway 1991 1998
31%
4 Ben Wallace 2003 2006
30%
1 Gerald Wallace 2010 2010
30%
1 Jrue Holiday 2013 2013
30%
3 Khris Middleton 2019 2022
30%
4 Rasheed Wallace 2000 2008
30%
10 Clyde Drexler 1986 1997
29%
1 Adrian Smith 1966 1966
28%
1 Andrew Wiggins 2022 2022
28%
3 Ben Simmons 2019 2021
28%
2 Phil Smith 1976 1977
28%
2 Randy Smith 1976 1978
28%
1 Steve Smith 1998 1998
28%
1 Bam Adebayo 2020 2020
27%
1 Pascal Siakam 2020 2020
27%
8 Dikembe Mutombo 1992 2002
26%
11 Elgin Baylor 1959 1970
26%
13 John Havlicek 1966 1978
26%
4 Rajon Rondo 2010 2013
26%
5 Al Horford 2010 2018
25%
3 Antoine Walker 1998 2003
25%
7 Chet Walker 1964 1974
25%
4 DeMarcus Cousins 2015 2018
25%
9 Dominique Wilkins 1986 1994
25%
2 Jimmy walker 1970 1972
25%
4 Kemba Walker 2017 2020
25%
1 Lucious Jackson 1965 1965
25%
1 Mark Jackson 1989 1989
25%
1 Steve Jackson 1988 1988
25%
1 Andre Iguodala 2012 2012
24%
7 Kevin McHale 1984 1991
24%
9 Robert Parish 1981 1991
24%
6 Amar'e Stoudemire 2005 2011
23%
4 Bobby Jones 1977 1982
23%
1 Brook Lopez 2013 2013
23%
5 Chauncey Billups 2006 2010
23%
3 Eddie Jones 1997 2000
23%
7 James Worthy 1986 1992
23%
3 Johnny Kerr 1956 1963
23%
7 Jo Jo White 1971 1977
23%
5 Sam Jones 1962 1968
23%
5 Bob McAdoo 1974 1978
22%
6 Shawn Kemp 1993 1998
22%
7 Alonzo Mourning 1994 2002
21%
2 Bill Walton 1977 1978
21%
1 Julius Randle 2021 2021
21%
1 Kristaps Porzingis 2018 2018
21%
7 LaMarcus Aldridge 2012 2019
21%
1 Mike Conley 2021 2021
21%
1 Brandon Ingram 2020 2020
20%
1 Darius Garland 2022 2022
20%
9 George Gervin 1977 1985
20%
7 Grant Hill 1995 2005
20%
6 Joe Dumars 1990 1997
20%
2 Nikola Vucevic 2019 2021
20%
1 Tyrone Hill 1995 1995
20%
7 Willis Reed 1965 1971
20%
5 Chris Mullin 1989 1993
19%
5 Chris Webber 1997 2003
19%
12 Elvin Hayes 1969 1980
19%
1 Fred Vanvleet 2022 2022
19%
1 Horace Grant 1994 1994
19%
1 Kyle Korver 2015 2015
19%
5 Wes Unseld 1969 1975
19%
4 George Mikan 1951 1954
18%
4 Bill Laimbeer 1983 1987
16%
5 Pete Maravich 1973 1979
16%
8 Rick Barry 1966 1978
16%
7 Walt Frazier 1970 1976
16%
8 Alex English 1982 1989
15%
2 Andre Drummond 2016 2018
15%
1 Devin Harris 2009 2009
15%
4 Paul Millsap 2014 2017
15%
2 Zach Randolph 2010 2013
15%
4 Bernard King 1982 1991
14%
3 Gilbert Arenas 2005 2007
14%
1 Alvan Adams 1976 1976
13%
1 Jim King 1968 1968
13%
1 Michael Adams 1992 1992
13%
3 Peja Stojakovic 2002 2004
13%
3 Richard Hamilton 2006 2008
13%
2 Terry Porter 1991 1993
13%
2 Victor Oladipo 2018 2019
13%
8 Dave Cowens 1972 1980
12%
1 Gordon Hayward 2017 2017
12%
1 Jeff Teague 2015 2015
12%
1 Bob Boozer 1968 1968
11%
3 Brandon Roy 2008 2010
11%
2 Carlos Boozer 2007 2008
11%
6 Mitch Richmond 1993 1998
11%
1 Ron Artest 2004 2004
11%
4 Shawn Marion 2003 2007
11%
1 Vlade Divac 2001 2001
11%
6 Artis Gilmore 1978 1986
10%
4 Billy Cunningham 1969 1972
10%
4 Earl Monroe 1969 1977
10%
1 Jim Price 1975 1975
10%
1 Kenyon Martin 2004 2004
10%
4 Mark Price 1989 1994
10%
7 Nate Thurmond 1965 1974
10%
10 Paul Arizin 1951 1962
10%
7 Slater Martin 1953 1959
10%
1 Tyson Chandler 2013 2013
10%
6 Adrian Dantley 1980 1986
9%
3 Bill Bridges 1967 1970
9%
4 Bob Davies 1951 1954
9%
12 Dolph Schayes 1951 1962
9%
5 Gail Goodrich 1969 1975
9%
1 Goran Dragic 2018 2018
9%
10 Hal Greer 1961 1970
9%
1 John Starks 1994 1994
9%
6 Nate Archibald 1973 1982
9%
1 Andreï Kirilenko 2004 2004
8%
1 Charles Oakley 1994 1994
8%
1 Clyde Lee 1968 1968
8%
8 Dave DeBusschere 1966 1974
8%
2 David lee 2010 2013
8%
4 Doug Collins 1976 1979
8%
7 Jerry Lucas 1964 1971
8%
1 Kenny Anderson 1994 1994
8%
2 Luol Deng 2012 2013
8%
4 Maurice Lucas 1977 1983
8%
1 Michael Redd 2004 2004
8%
4 Micheal Ray Richardson 1980 1985
8%
4 Ralph Sampson 1984 1987
8%
5 Sidney Moncrief 1982 1986
8%
2 Stephon Marbury 2001 2003
8%
2 Zydrunas Ilgauskas 2003 2005
8%
8 Bob Lanier 1972 1982
7%
3 Charlie Scott 1973 1975
7%
1 Dale Ellis 1989 1989
7%
7 Dave Bing 1968 1976
7%
1 Doc Rivers 1988 1988
7%
2 Elton Brand 2002 2006
7%
3 Glen Rice 1996 1998
7%
3 Larry Nance 1985 1993
7%
4 Latrell Sprewell 1994 2001
7%
9 Lenny Wilkens 1963 1973
7%
1 Mark Eaton 1989 1989
7%
2 Rashard Lewis 2005 2009
7%
1 Reggie Lewis 1992 1992
7%
2 Roy Hibbert 2012 2014
7%
1 Sam Cassell 2004 2004
7%
1 Andrew Bynum 2012 2012
6%
2 Archie Clark 1951 1972
6%
1 Bill Bradley 1973 1973
6%
5 Brad Daugherty 1988 1993
6%
3 Detlef Schrempf 1993 1997
6%
3 Mark Aguirre 1984 1988
6%
4 Maurice Cheeks 1983 1988
6%
3 Steve Francis 2002 2004
6%
4 Tom Chambers 1987 1991
6%
2 Allan Houston 2000 2001
5%
2 Antawn Jamison 2005 2008
5%
1 B.J. Armstrong 1994 1994
5%
1 Danny Granger 2009 2009
5%
2 Fat Lever 1988 1990
5%
1 Jameer Nelson 2009 2009
5%
1 Jeff Hornacek 1992 1992
5%
2 Jerry Stackhouse 2000 2001
5%
1 Kevin Willis 1992 1992
5%
4 Walt Bellamy 1962 1965
5%
1 Austin Carr 1974 1974
4%
8 Bill Sharmen 1953 1960
4%
1 Calvin Murphy 1979 1979
4%
4 Connie Hawkins 1970 1973
4%
3 Dan Majerle 1992 1995
4%
1 Danny Ainge 1988 1988
4%
1 Hersey Hawkins 1991 1991
4%
7 Jack Sikma 1979 1985
4%
1 Jamaal Magloire 2004 2004
4%
1 Lloyd Free 1980 1980
4%
6 Lou Hudson 1969 1974
4%
1 Metta World Peace 2004 2004
4%
2 Michael Finley 2000 2001
4%
1 Nick Van Exel 1998 1998
4%
1 Rik Smits 1998 1998
4%
4 Rolando Blackman 1985 1990
4%
1 Shareef Abdur-Rahim 2002 2002
4%
6 Tom Heinsohn 1957 1965
4%
5 Andy Phillip 1951 1955
3%
1 Anthony Mason 2001 2001
3%
1 Bill Cartwright 1980 1980
3%
4 Bob Dandridge 1973 1979
3%
1 Chris Kaman 2010 2010
3%
1 Christian Laettner 1997 1997
3%
5 Cliff Hagan 1958 1962
3%
1 Dan Issel 1977 1977
3%
1 Derrick Coleman 1994 1994
3%
1 Eddie Miles 1966 1966
3%
7 Ed Macauley 1951 1957
3%
1 Jack Coleman 1955 1955
3%
3 Jamaal Wilkes 1976 1983
3%
1 Jamal Mashburn 2003 2003
3%
2 Jim Paxson 1983 1984
3%
1 Kermit Washington 1980 1980
3%
2 Kiki Vandeweghe 1983 1984
3%
1 Mehmet Okur 2007 2007
3%
6 Neil Johnston 1953 1958
3%
1 Otis Thorpe 1992 1992
3%
5 Paul Westphal 1977 1981
3%
2 Sean Elliott 1993 1996
3%
4 Spencer Haywood 1972 1975
3%
2 Terrell Brandon 1996 1997
3%
2 Terry Cummings 1985 1989
3%
4 Vin Baker 1995 1998
3%
1 Antonio McDyess 2001 2001
2%
6 Bailey Howell 1961 1967
2%
1 Billy Knight 1977 1977
2%
1 Bob Harrison 1956 1956
2%
5 Carl Braun 1953 1957
2%
1 Cedric Ceballos 1995 1995
2%
4 Clyde Lovellette 1956 1961
2%
2 Danny Manning 1993 1994
2%
1 Dick Barnett 1968 1968
2%
7 Dick McGuire 1951 1959
2%
3 Dick Van Arsdale 1969 1971
2%
5 Don Ohl 1963 1967
2%
1 Eric Floyd 1987 1987
2%
2 Frank Brian 1951 1952
2%
3 George McGinnis 1976 1979
2%
6 George Yardley 1955 1960
2%
4 Guy Rodgers 19863 1967
2%
7 Harry Gallatin 1951 1957
2%
6 Jake Twyman 1957 1963
2%
3 Jeff Mullins 1969 1971
2%
2 Jerry Sloan 1967 1969
2%
4 Jim Pollard 1951 1955
2%
1 Joe Barry Carroll 1987 1987
2%
2 Joe Fulks 1951 1952
2%
2 John Drew 1976 1980
2%
2 Kevin Duckworth 1989 1991
2%
6 Larry Costello 1958 1965
2%
8 Larry Foust 1951 1959
2%
2 Norm Nixon 1982 1985
2%
2 Paul Silas 1972 1975
2%
2 Reggie Theus 1981 1983
2%
6 Richie Guerin 1958 1963
2%
5 Rudy LaRusso 1962 1969
2%
5 Rudy Tomjanovich 1974 1979
2%
1 Theo Ratliff 2001 2001
2%
5 Tom Gola 1960 1964
2%
1 Tom Gugliotta 1997 1997
2%
3 Tom Van Arsdale 1970 1972
2%
6 Vern Mikkelsen 1951 1957
2%
1 Wally Szczerbiak 2002 2002
2%
5 Wayne Embry 1961 1965
2%
1 Xavier McDaniel 1988 1988
2%
1 Alex Groza 1951 1951
1%
2 Andrew Toney 1983 1984
1%
4 Arnie Risen 1952 1955
1%
1 Billy Gabor 1953 1953
1%
5 Bobby Wanzer 1952 1956
1%
3 Bob Kauffman 1971 1973
1%
1 Bob Rule 1970 1970
1%
2 Brian Winters 1976 1978
1%
1 Butch Beard 1972 1972
1%
1 Calvin Natt 1985 1985
1%
1 Chris Gatling 1997 1997
1%
1 Chuck Noble 1960 1960
1%
1 Curtis Rowe 1976 1976
1%
1 Dana Barros 1995 1995
1%
3 Dan Roundfield 1980 1982
1%
1 Darrall Imhoff 1967 1967
1%
4 Dick Garmaker 1957 1960
1%
2 Dike Eddleman 1951 1952
1%
1 Don Barksdale 1953 1953
1%
1 Don Buse 1977 1977
1%
2 Don Kojis 1968 1969
1%
1 Don Sunderlage 1954 1954
1%
2 Frank Selvy 1955 1962
1%
1 Fred Schaus 1951 1951
1%
2 Fred Scolari 1952 1953
1%
5 Gene Shue 1958 1962
1%
2 Geoff Petrie 1971 1974
1%
2 Jack marin 1972 1972
1%
1 James Donaldson 1988 1988
1%
2 Jeff Ruland 1984 1985
1%
1 Jeff Ruland 1984 1984
1%
1 John Block 1973 1973
1%
1 Jon McGlocklin 1969 1969
1%
2 Kelly Tripucka 1982 1984
1%
2 Kenny Sears 1958 1959
1%
2 Larry Kenon 1978 1979
1%
1 Lee Shaffer 1963 1963
1%
1 Len Chappell 1964 1964
1%
2 Leo Barnhorst 1952 1953
1%
1 Lionel Hollins 1978 1978
1%
1 Lonnie Shelton 1982 1982
1%
3 Maurice Stokes 1956 1958
1%
1 Max Zaslofsky 1952 1952
1%
4 Mel Hutchins 1953 1957
1%
1 Nat Clifton 1957 1957
1%
3 Norm Van Lier 1974 1977
1%
4 Otis Birdsong 1979 1984
1%
3 Paul Seymour 1953 1955
1%
1 Paul Walther 1950 1950
1%
3 Phil Chenier 1974 1977
1%
1 Ralph Beard 1951 1951
1%
1 Ray Felix 1954 1954
1%
2 Red Rocha 1951 1952
1%
1 Richie Regan 1957 1957
1%
2 Roy Hundley 1960 1961
1%
1 Sam Lacey 1975 1975
1%
2 Scott Wedman 1976 1980
1%
1 Scott Wedman 1976 1976
1%
4 Sidney Wicks 1972 1975
1%
1 Steve Mix 1975 1975
1%
3 Terry Dischinger 1963 1965
1%
1 Tom Meschery 1963 1963
1%
1 Vince Boryla 1951 1951
1%
2 Walt Dukes 1960 1961
1%
1 Walt hazzard 1968 1968
1%
4 Willie Naulls 1958 1962
1%
1 Woody Sauldsberry 1959 1959
1%
2 Zelmo Beaty 1966 1968
1%
2 Joe Cladwell 1969 1970
0%
1 Mookie Baylock 1994 1994
0%
Aucun quiz correspondant
Distribution des résultats
% des personnes avec chaque résultat
Percentile par nombre de réponses
Votre historique - résultats
Vous n’avez pas pris ce quiz depuis la dernière actualisation